000
00320 a2200145 4500
001
155508
040
_c
Escola São Tomás de Aquino
100
_a
SILVA, Ana Beatriz B.
240
1
0
_a
Mentes inquietas
_l
por
245
1
0
_a
Mentes inquietas
362
0
_a
2003
440
1
_a
Gente
697
_a
Educação
942
_c
BK
999
_c
155508
_d
155508